LDR 01091naa#a2200193#i#450# 001 RU\\bibl\123401 005 20260705182420.7 011 ## _a1994-4683 100 ## _a20230731b2023####ek#y0rusy0150####ca 102 ## _aRU 200 1# _aКОРРЕЛЯЦИЯ МЕЖДУ УРОВНЕМ СИЛЫ И РЕЗУЛЬТАТИВНОСТЬЮ В ПОДВОДНОМ РЕГБИ: СТАТИСТИЧЕСКОЕ ИССЛЕДОВАНИЕ ГОДИЧНЫХ ТРЕНИРОВОЧНЫХ ЦИКЛОВ _eЖурнальная статья 210 1# _aМосква _cНациональный государственный Университет физической культуры, спорта и здоровья им. П.Ф. Лесгафта _d2023 215 ## _a3 с. 608 ## _aЖурнальная статья _2local 675 ## _aИгры с мячом ногами и руками. 796.33 _z 700 #1 _aМазуренко _gЕвгений Анатольевич 700 #1 _aГринченко _gВячеслав Сергеевич 700 #1 _aПетренко _gЯна Сергеевна 856 4# _auchzapiski.lesgaft.spb.ru _u